LEADER 00892nam0-22003131i-450- 001 990003037190403321 035 $a000303719 035 $aFED01000303719 035 $a(Aleph)000303719FED01 035 $a000303719 100 $a20000920d1975----km-y0itay50------ba 101 0 $aita 102 $aIT 200 1 $aControcorrente$eRealtà di oggi e teorie di ieri$fGunnar Myrdal. 210 $aBari$cLaterza$d1975. 215 $aVIII, 260 p.$d18 cm 225 1 $aLibri del tempo Laterza$v148 300 $a[Trad. di : Against the Stream : Critical Essays on Economics] 540 0 $aAgainst the Stream 676 $aD/8.20 702 1$aMyrdal,$bGunnar$f<1898-1987> 801 0$aIT$bUNINA$gRICA$2UNIMARC 901 $aBK 912 $a990003037190403321 952 $aD/8.20 MYR/75$b7424/I$fSES 959 $aSES 996 $aControcorrente$9463783 997 $aUNINA DB $aING01 LEADER 01529nam--2200409---450- 001 990003455360203316 005 20101015114037.0 010 $a978-88-217-3128-0 035 $a000345536 035 $aUSA01000345536 035 $a(ALEPH)000345536USA01 035 $a000345536 100 $a20101015d2009----km-y0itay50------ba 101 $aita 102 $aIT 105 $a||||||||001yy 200 1 $a<> prevenzione dei rischi e la tutela della salute in azienda$eil testo unico e il decreto correttivo 106/2009$fa cura di Francesco Basenghi, Luigi Enrico Golzio, Alberto Zini$gin collaborazione con il CIPRAL dell'Università degli studi di Modena e Reggio Emilia 210 $a[Milanofiori, Assago]$cIPSOA$d2009 215 $aXXXVII, 760 p.$d24 cm 225 2 $a<> nuova sicurezza del lavoro$f<> Manuali$v1 410 0$12001$a<> nuova sicurezza del lavoro$v, 1 454 1$12001 461 1$1001-------$12001 606 0 $aInfortuni sul lavoro [e] Malattie professionali$xPrevenzione$yItalia$xLegislazione$2BNCF 676 $a344.45022 702 1$aBASENGHI,$bFrancesco 702 1$aGOLZIO,$bLuigi Enrico 702 1$aZINI,$bAlberto 801 0$aIT$bsalbc$gISBD 912 $a990003455360203316 951 $aXXV.2.K. 173$b66147 G.$cXXV.2.K.$d00283151 959 $aBK 969 $aGIU 979 $aFIORELLA$b90$c20101015$lUSA01$h1133 979 $aFIORELLA$b90$c20101015$lUSA01$h1140 996 $aPrevenzione dei rischi e la tutela della salute in azienda$965055 997 $aUNISA LEADER 00995nam0-2200361---450 001 990005695740203316 005 20190403125004.0 035 $a000569574 035 $aUSA01000569574 035 $a(ALEPH)000569574USA01 035 $a000569574 100 $a20060721d1969----|||y0itaa50------ba 101 $ager 102 $ade 105 $a0 00||| 200 1 $aIdee und Probe alter Symbolik$fFriedrich Creuzer 205 $aFaksimile-Neudruck 210 $aStuttgart$cFrommann$d1969 215 $ap. 224-324$d21 cm 620 $dSTUTTGART 676 $a292.1 700 1$aCREUZER,$bGeorg Friedrich$0152809 801 0$aIT$bSA$c20111219 912 $a990005695740203316 950 0$aDipar.to di Filosofia - Salerno$dDFAA 292.1 CRE$e3559 FIL 951 $aAA 292.1 CRE$b3559 FIL 959 $aBK 969 $aFIL 979 $c20121027$lUSA01$h1526 979 $c20121027$lUSA01$h1615 996 $aIdee und Probe alter Symbolik$9470375 997 $aUNISA NUM $aSA0018068